<?xml version="1.0" encoding="UTF-8"?>
<record
    xmlns:xsi="http://www.w3.org/2001/XMLSchema-instance"
    xsi:schemaLocation="http://www.loc.gov/MARC21/slim http://www.loc.gov/standards/marcxml/schema/MARC21slim.xsd"
    xmlns="http://www.loc.gov/MARC21/slim">

  <leader>01154nam a2200253 i 4500</leader>
  <controlfield tag="001">165945</controlfield>
  <controlfield tag="003">ES-MaACL</controlfield>
  <controlfield tag="005">20250826015757.0</controlfield>
  <controlfield tag="008">960604s1780    fr a     e    001 0 lat d</controlfield>
  <datafield tag="245" ind1="0" ind2="0">
    <subfield code="a">Table analytique et raisonn&#xE9;e des matieres contenues dans les XXXIII volumes in-folio du dictionnaire des sciences, des arts et des m&#xE8;tiers, et dans son suppl&#xE9;ment.</subfield>
  </datafield>
  <datafield tag="260" ind1=" " ind2=" ">
    <subfield code="a">A Paris : </subfield>
    <subfield code="b">chez Panckoucke ; </subfield>
    <subfield code="a">A Amsterdam : </subfield>
    <subfield code="b">chez Marc-Michel Rey, </subfield>
    <subfield code="c">1780.</subfield>
  </datafield>
  <datafield tag="300" ind1=" " ind2=" ">
    <subfield code="a">2 v. ([4], 944 p. ; [4], 907 p.) ; </subfield>
    <subfield code="c">Fol.</subfield>
  </datafield>
  <datafield tag="597" ind1=" " ind2=" ">
    <subfield code="a">Sign.: []2, A-10Z2, 11A-11F2 ; []2, A-9Z2, 10A-10V2.</subfield>
  </datafield>
  <datafield tag="597" ind1=" " ind2=" ">
    <subfield code="a">Port. con grab. xil.</subfield>
  </datafield>
  <datafield tag="597" ind1=" " ind2=" ">
    <subfield code="a">Antep.</subfield>
  </datafield>
  <datafield tag="599" ind1=" " ind2=" ">
    <subfield code="a">Grab. xil. en cabecera de texto.</subfield>
  </datafield>
  <datafield tag="650" ind1=" " ind2="4">
    <subfield code="a">Arte-</subfield>
    <subfield code="v">Diccionarios.</subfield>
    <subfield code="9">10094</subfield>
  </datafield>
  <datafield tag="650" ind1=" " ind2="4">
    <subfield code="a">Ciencias-</subfield>
    <subfield code="v">Diccionarios.</subfield>
    <subfield code="9">10973</subfield>
  </datafield>
  <datafield tag="700" ind1="1" ind2=" ">
    <subfield code="a">Panckoucke, Charles-Joseph,</subfield>
    <subfield code="d">1736-1798</subfield>
    <subfield code="9">166645</subfield>
  </datafield>
  <datafield tag="700" ind1="1" ind2=" ">
    <subfield code="a">Rey, Marc-Michel.</subfield>
    <subfield code="9">131749</subfield>
  </datafield>
  <datafield tag="740" ind1="0" ind2="2">
    <subfield code="a">Dictionnaire des sciences, des arts et des m&#xE8;tiers, et dans son suppl&#xE9;ment.</subfield>
  </datafield>
  <datafield tag="852" ind1="4" ind2=" ">
    <subfield code="a">ES-MaACL</subfield>
    <subfield code="j">R-2138-39    </subfield>
    <subfield code="z">- Enc. pasta con hierros dorados    </subfield>
    <subfield code="z">- Ex-libris del duque de Hyjar    </subfield>
    <subfield code="x">- Olim: C-10433</subfield>
  </datafield>
  <datafield tag="999" ind1=" " ind2=" ">
    <subfield code="c">165945</subfield>
    <subfield code="d">165945</subfield>
  </datafield>
  <datafield tag="952" ind1=" " ind2=" ">
    <subfield code="0">0</subfield>
    <subfield code="1">0</subfield>
    <subfield code="4">0</subfield>
    <subfield code="7">0</subfield>
    <subfield code="8">LIBXVIII</subfield>
    <subfield code="a">ATENEOM</subfield>
    <subfield code="b">ATENEOM</subfield>
    <subfield code="c">DEPO</subfield>
    <subfield code="d">2008-01-17</subfield>
    <subfield code="e">DON</subfield>
    <subfield code="l">0</subfield>
    <subfield code="o">R-2138-39</subfield>
    <subfield code="p">1174030</subfield>
    <subfield code="r">2023-02-23 00:00:00</subfield>
    <subfield code="w">2023-02-23</subfield>
    <subfield code="y">MONANT</subfield>
  </datafield>
</record>
